Z literatury naší vlasti : výbor z české literatury 19. a 20. století /

Hlavní autor: Nečásek, František, 1913-1968
Další autoři: Honzíková, Milena, 1925-2001, Pfefferová, Jana
Jazyk: Čeština
Vydáno: V Praze : Státní nakladatelství, 1950
Vydání: 1. vydání
Témata:
Externí odkaz: Digitalizovaný dokument
Fyzický popis: 421 s.
Knihy
Uloženo v:
LEADER 01287nam a22002892a 4500
001 000764719
003 CZ BrMZK
005 20151214145140.0
007 ta
008 050224s1950 xr er|||||||||||cze d
015 |a cnb000676194 
035 |a (OCoLC)85435791 
040 |a BOA001  |b cze 
100 1 |a Nečásek, František,  |d 1913-1968  |7 jk01082847  |4 edt 
245 1 0 |a Z literatury naší vlasti :  |b výbor z české literatury 19. a 20. století /  |c uspořádali František Nečásek, Milena Bláhová a Jana Pfefferová 
250 |a 1. vydání 
260 |a V Praze :  |b Státní nakladatelství,  |c 1950 
300 |a 421 s. 
500 |a Dostupné též v digitální podobě v aplikaci Kramerius 
700 1 |a Honzíková, Milena,  |d 1925-2001  |7 jk01041964  |4 edt 
700 1 |a Pfefferová, Jana  |7 mzk2011650597  |4 edt 
856 4 1 |u http://www.digitalniknihovna.cz/mzk/uuid/uuid:2efd5560-4c4c-11e8-9a44-005056827e52  |y Digitalizovaný dokument  |x NDK 
910 |a BOA001  |b PK-II-0028.703  |b 2-0255.849 
964 |a Literatura česká novověká - výbory - století 19/20. 
990 |a BK 
996 6 |b 2618724306  |c 2-0255.849  |l MZK  |r Sklad / do 24 hodin  |n 0  |w 000764719  |u 000020  |a 1  |e BOA001  |j MZK50  |s P 
996 7 |b 3119681427  |c PK-II-0028.703  |l MZK  |r Sklad / do 1 hodiny  |n 3  |w 000764719  |u 000010  |a 1  |e BOA001  |j MZK50  |s A